=LDR 00000nam 2200000 4500 =001 INLIS000000000041554 =005 20130612151100 =008 ***********************************ind** =035 ##$$0010-061300000041554 =041 ##$$a ind =082 ##$$a 8x0.9 =090 ##$$a 8x0.9, Hik h =100 ##$$a Jusuf, Jumsari =245 ##$$a Hikayat Maharaja Bikramasakti =260 ##$$a 1989 $b Jakarta =300 ##$$a 129 hlm, 20 cm =850 ##$$a NBPNMAT